«Ça Ira!» lyrics - Statistics

General Stats
  • This quiz has been taken 4 times
  • The average score is 217 of 354
Answer Stats
Answer % Correct
a
100%
à
100%
Ça
100%
ira
100%
l'
100%
L'
100%
100%
la
100%
La
100%
Le
100%
le
100%
les
100%
Les
100%
s'
100%
Ah
75%
aristocrate
75%
lanterne
75%
ma
75%
aristocrates
50%
ce
50%
de
50%
du
50%
Du
50%
en
50%
En
50%
il
50%
n'
50%
on
50%
pendra
50%
peuple
50%
qu'
50%
Quand
50%
alléluia
25%
allons
25%
Avec
25%
Boileau
25%
cela
25%
cesse
25%
chansonnette
25%
chantant
25%
chanter
25%
clergé
25%
Comme
25%
confus
25%
dira
25%
dit
25%
elle
25%
ennemies
25%
Et
25%
et
25%
évangile
25%
français
25%
jadis
25%
jour
25%
législateur
25%
leur
25%
Malgré
25%
malgré
25%
maxime
25%
mutins
25%
Nos
25%
nous
25%
Nous
25%
Par
25%
parla
25%
plaisir
25%
prédit
25%
prophète
25%
qui
25%
répète
25%
restent
25%
réussira
25%
sans
25%
suivant
25%
tout
25%
Tout
25%
un
25%
2000
0%
abaisse
0%
abaissera
0%
accomplira
0%
affreux
0%
apaisera
0%
au
0%
aura
0%
autrichien
0%
avons
0%
bein
0%
bon
0%
catéchisme
0%
Celui
0%
chantent
0%
chaque
0%
clique
0%
culpa
0%
dans
0%
despotisme
0%
diable
0%
docile
0%
égalité
0%
élève
0%
élèvera
0%
envolera
0%
esclave
0%
éteindra
0%
être
0%
exercera
0%
expirera
0%
fanatisme
0%
fera
0%
Guingette
0%
infernale
0%
instruira
0%
justice
0%
lafayette
0%
liberté
0%
loi
0%
Margot
0%
mea
0%
monde
0%
nation
0%
ni
0%
nobles
0%
partout
0%
Pierrette
0%
plus
0%
Pour
0%
prêtres
0%
prudent
0%
quia
0%
règnera
0%
regrette
0%
Réjouissons
0%
souviendra
0%
suivra
0%
temps
0%
triomphe
0%
viendra
0%
vrai
0%
No matching quizzes found
Score Distribution
Percent of People with Each Score
Percentile by Number Answered
Your Score History
You have not taken this quiz